| 000 | 01780nam0a2200361 4500 | ||
|---|---|---|---|
| 001 | RU\NLR\bibl\933993 | ||
| 005 | 20260407054329.0 | ||
| 010 |
_a5-91022-022-5 _91000 |
||
| 021 |
_aRU _b2006-9096 _9436 |
||
| 035 | _a(NLR Aleph) 000922198 | ||
| 090 |
_a106944 _c106944 |
||
| 100 | _a20060417d2006 |||y0rusy50 ca | ||
| 101 | 0 | _arus | |
| 102 | _aRU | ||
| 105 | _ay ||||||||| | ||
| 200 | 1 |
_aНазревшая дискуссия _eнекоторые итоги обсуждения истории Второй мировой войны _eОбщественный Форум, Москва, 28 сентября 2005 г. _eстенограмма _fпод ред. Фалька Бомсдорфа и Геннадия Бордюгова |
|
| 210 |
_aМосква _cФонд Фридриха Науманна _cАИРО-ХХI _d2006 |
||
| 215 |
_a110 с. _d20 |
||
| 225 | 1 |
_aБиблиотека либерального чтения _vвып. 18 |
|
| 300 | _aВ надзаг.: Фонд Фридриха Науманна, Ассоц. исследователей рос. о-ва (АИРО-XXI) | ||
| 606 | 1 |
_aВторая мировая война _jСъезды, совещания и т.п. _z1939 - 1945 _9981773 _3RU\NLR\auth\6651280 |
|
| 686 | _aЦ35(0)62я431 | ||
| 686 | _aЦ35(2)722я431 | ||
| 686 | _aТ3(2)722я431 | ||
| 686 | _aТ3(0)62я431 | ||
| 702 | 1 |
_aБомсдорф _bФ. _gФальк _4340 |
|
| 712 | 0 | 2 |
_4570 _aФонд Фридриха Науманна _cФРГ _3RU\NLR\AUTH\8810024532 _9547288 |
| 712 | 0 | 2 |
_4570 _aАссоциация исследователей российского общества _cМосква _3RU\NLR\AUTH\8814875 _9303041 |
| 801 | 0 |
_aRU _bNLR _c20060417 _grcr |
|
| 801 | 1 |
_aRU _bNLR _c20060417 |
|
| 942 | _cBOOK | ||
| 980 | _aNB | ||